000 01100nam a22003617a 4500
001 BR2011004247
003 BR-BrBNA
005 20230928103735.0
007 ta
008 230509b bl.||||| |||| 00| 0 por d
040 _aBR-BrBNA
_bpor
_cBiblioteca Nacional de Agricultura
041 _a(Por)
072 _aL01
_b5214
090 _ 5214 BR2011004247
100 1 _aTorres, R. de A. (ed.)
100 1 _aOliveira, V.M. de (ed.)
100 1 _aRodrigues, C.A.F. (ed.)
110 1 _aEMBRAPA Gado de Leite, Juiz de Fora, MG (Brasil)
245 1 _aPolíticas e tecnologias para o desenvolvimento da pecuária de leite familiar da zona da mata mineira
260 3 _aJuiz de Fora, MG (Brasil):
_c2009.
300 _a128 p.
500 _aIncludes several bibliographies.; 17 illus.; 24 tables
650 _aPOLÍTICAS PÚBLICAS
650 _aTECNOLOGIA
650 _aSERINGUEIRA
650 _aGADO LEITEIRO
650 _aSUPLEMENTO MINERAL
650 _aCONTROLE CULTURAL
650 _aPASTAGEM
650 _aLEGISLAÇÃO
909 _a202309
_bLucia
_c55
_dLucia Elande
942 _cBK
999 _c76410
_d76410